[Event "39th TCh-GRE"]
[Site "Eretria GRE"]
[Date "2011.07.05"]
[Round "4.9"]
[White "Sarandos, Vasilios"]
[Black "Lagopatis, Nikolaos"]
[Result "1-0"]
[WhiteElo "2236"]
[BlackElo "2181"]
[WhiteTeam "CC Ikaria J. Tzelepis"]
[BlackTeam "Ptolemaida Ptolemaios CC"]
[WhiteFideId "4203542"]
[BlackFideId "4200489"]
[EventDate "2011.07.03"]

1. d4 d6 2. e4 Nf6 3. f3 e5 4. dxe5 dxe5 5. Qxd8+ Kxd8 6. Bc4 Ke8 7. Be3 Nbd7 8.
Nh3 Bc5 9. Bd2 a5 10. a3 Ke7 11. Nf2 Re8 12. Nd3 Bd4 13. Nc3 c6 14. Ne2 Bb6 15.
Bc3 Kf8 16. g4 h6 17. Ng3 Bc7 18. h4 b5 19. Bb3 Nb6 20. g5 Ng8 21. O-O-O Be6 22.
Bxe6 Rxe6 23. Nc5 Ree8 24. Nf5 hxg5 25. Rd7 Bd8 26. Rb7 Nh6 27. Nd6 Re7 28. hxg5
Ng8 29. Bxe5 Rxb7 30. Ndxb7 Bxg5+ 31. Kb1 Nc4 32. Bc3 Bd2 33. Bd4 Be3 34. Bxe3
Nxe3 35. b3 a4 36. Kb2 axb3 37. cxb3 Ke7 38. Re1 Ng2 39. Rd1 Nf6 40. Rd6 Rc8 41.
e5 Ne8 42. Rd7+ Kf8 43. Nd8 Nh4 44. Rxf7+ Kg8 45. Nce6 Ng6 46. f4 Kh7 47. b4 Kh6
48. Kc3 Ra8 49. Kd4 Rxa3 50. f5 Nxe5 51. Kxe5 Re3+ 52. Kf4 Rc3 53. Rf8 g5+ 54.
Ke5 Kh5 55. Rxe8 Rc4 56. f6 1-0

[Event "39th TCh-GRE"]
[Site "Eretria GRE"]
[Date "2011.07.05"]
[Round "4.9"]
[White "Sidiropoulos, Nikolaos2"]
[Black "Pountzas, Hrisanthos"]
[Result "0-1"]
[BlackTitle "FM"]
[WhiteElo "1899"]
[BlackElo "2177"]
[WhiteTeam "Peiraikos OS"]
[BlackTeam "CC Ikaria J. Tzelepis"]
[WhiteFideId "4217250"]
[BlackFideId "4200241"]
[EventDate "2011.07.03"]

1. d4 Nf6 2. c4 c5 3. d5 e5 4. Nc3 d6 5. e4 Nbd7 6. g3 g6 7. Bg2 a6 8. Nge2 Bg7
9. O-O O-O 10. f4 exf4 11. gxf4 Ne8 12. Ng3 b5 13. a4 bxc4 14. a5 Rb8 15. Ra2
Qh4 16. Qe1 Bd4+ 17. Kh1 Ndf6 18. Nf5 Qxe1 19. Ne7+ Kg7 20. Rxe1 Ng4 21. Nd1 Bd7
22. h3 Nf2+ 23. Nxf2 Bxf2 24. Re2 Bh4 25. Nc6 Rb3 26. Bd2 Rd3 27. Bc3+ f6 28. e5
Bxh3 29. Ra1 Bg4 30. exf6+ Nxf6 31. Re7+ Rf7 32. Rxf7+ Kxf7 33. Nb8 Bc8 34. Bf1
Nxd5 35. Bxd3 cxd3 36. Bd2 Bf6 37. Ra3 c4 38. Ra4 Bb7 39. Kh2 c3 40. bxc3 Nxc3
41. Rb4 Nb5 42. Nd7 Bd8 43. Kg3 h5 44. Nb6 Ke6 45. Nc4 Bd5 46. Ne3 Bxa5 47. Rxb5
Bxd2 48. Rxd5 Bxe3 49. Rxd3 Bc5 50. Kf3 a5 51. Rd2 a4 52. Re2+ Kd5 0-1

[Event "39th TCh-GRE"]
[Site "Eretria GRE"]
[Date "2011.07.05"]
[Round "4.9"]
[White "Samaras, Georgios"]
[Black "Athanasiou, Georgios"]
[Result "0-1"]
[WhiteElo "1591"]
[BlackElo "1954"]
[WhiteTeam "Ptolemaida Ptolemaios CC"]
[BlackTeam "CC Ikaria J. Tzelepis"]
[WhiteFideId "4239458"]
[BlackFideId "4215478"]
[EventDate "2011.07.03"]

1. e4 g6 2. d4 Bg7 3. Nc3 c6 4. Be3 d6 5. Qd2 Nf6 6. f3 b5 7. O-O-O a5 8. g4 a4
9. Bh6 Bxh6 10. Qxh6 b4 11. Nb1 b3 12. a3 bxc2 13. Kxc2 Be6 14. Nd2 Qb6 15. Qe3
d5 16. e5 Nfd7 17. Rc1 h5 18. Be2 hxg4 19. fxg4 Ra7 20. Nh3 Rb7 21. Ng5 c5 22.
Kd1 c4 23. Nxe6 Qxe6 24. Nf3 Rb3 25. Rc3 Rxb2 26. Ng5 Qb6 27. Bd3 Nf8 28. Qf3
Qxd4 29. Qxf7+ Kd7 30. Qg7 Rb1+ 31. Kc2 Rxh1 32. Qxh8 Qf2+ 0-1

[Event "39th TCh-GRE"]
[Site "Eretria GRE"]
[Date "2011.07.05"]
[Round "4.10"]
[White "Bartel, Mateusz"]
[Black "Hammer, Jon Ludvig"]
[Result "1/2-1/2"]
[WhiteTitle "GM"]
[BlackTitle "GM"]
[WhiteElo "2611"]
[BlackElo "2610"]
[WhiteTeam "Chess Academy of Gazi 2099"]
[BlackTeam "Culture Club Florinas"]
[WhiteFideId "1112635"]
[BlackFideId "1503707"]
[EventDate "2011.07.03"]

1. d4 Nf6 2. c4 e6 3. Nc3 Bb4 4. Bd2 d5 5. cxd5 exd5 6. Bg5 h6 7. Bh4 c5 8. dxc5
g5 9. Bg3 Ne4 10. Nf3 Qa5 11. Nd2 Bf5 12. Ncxe4 Bxe4 13. Qc1 Nd7 14. a3 Bxd2+
15. Qxd2 Qxd2+ 16. Kxd2 Nxc5 17. Rd1 d4 18. Ke1 Nb3 19. e3 Bc2 20. Rxd4 Nxd4 21.
Be5 O-O 22. Bxd4 Rac8 23. h4 g4 24. f3 Bf5 25. Bc3 Rfe8 26. Kf2 g3+ 27. Kxg3
Rxe3 28. Kf2 Rexc3 29. bxc3 Be6 30. c4 Bxc4 31. Bxc4 Rxc4 32. Kg3 Ra4 33. Rb1 b6
34. Rb3 h5 35. Kh3 f5 36. g3 Kf7 37. Kg2 Ke6 38. Kf2 Kd5 39. Ke3 Kc6 40. Rc3+
Kb7 41. Kd2 a5 42. Kc2 Rd4 43. Rd3 Rxd3 44. Kxd3 b5 45. g4 fxg4 46. fxg4 hxg4
47. h5 g3 48. Ke2 g2 49. Kf2 b4 50. axb4 axb4 51. Kxg2 b3 52. h6 b2 53. h7 b1=Q
54. h8=Q Qc2+ 1/2-1/2

[Event "39th TCh-GRE"]
[Site "Eretria GRE"]
[Date "2011.07.05"]
[Round "4.10"]
[White "Mastrovasilis, Athanasios"]
[Black "Emmanouilidis, Kostas"]
[Result "1-0"]
[WhiteTitle "GM"]
[WhiteElo "2537"]
[BlackElo "1985"]
[WhiteTeam "Culture Club Florinas"]
[BlackTeam "Chess Academy of Gazi 2099"]
[WhiteFideId "4201990"]
[BlackFideId "4260260"]
[EventDate "2011.07.03"]

1. c4 e5 2. g3 Nf6 3. Bg2 g6 4. Nc3 Bg7 5. d3 O-O 6. e4 Nc6 7. Nge2 d6 8. O-O
Ne8 9. Nd5 Ne7 10. Bg5 f6 11. Be3 c6 12. Nxe7+ Qxe7 13. d4 Nc7 14. Qd2 f5 15.
exf5 Bxf5 16. dxe5 dxe5 17. Rfd1 Ne6 18. h3 Rfd8 19. Qc3 Rxd1+ 20. Rxd1 Rd8 21.
Rxd8+ Qxd8 22. Qc1 Qd3 23. Bf1 a6 24. Nd4 Qxf1+ 25. Qxf1 exd4 26. Bd2 h5 27. f3
g5 28. g4 hxg4 29. hxg4 Bg6 30. Qe1 Kf7 31. Qg3 d3 32. Qb8 Bd4+ 33. Kf1 Nc5 34.
b4 Nd7 35. Qd6 1-0

[Event "39th TCh-GRE"]
[Site "Eretria GRE"]
[Date "2011.07.05"]
[Round "4.10"]
[White "Dimitriadis, Theodoros"]
[Black "Markidis, Konstantinos"]
[Result "0-1"]
[WhiteElo "1922"]
[BlackElo "2330"]
[WhiteTeam "Chess Academy of Gazi 2099"]
[BlackTeam "Culture Club Florinas"]
[WhiteFideId "4217365"]
[BlackFideId "4203500"]
[EventDate "2011.07.03"]

1. e4 e6 2. d4 d5 3. exd5 exd5 4. Bd3 c5 5. c3 Nc6 6. Ne2 Nf6 7. O-O Bd6 8. Bf4
O-O 9. Bxd6 Qxd6 10. dxc5 Qxc5 11. Nd2 Re8 12. Nb3 Qb6 13. Qc2 Ne5 14. Rad1 Nxd3
15. Qxd3 a5 16. Qc2 a4 17. Nbd4 a3 18. Rb1 axb2 19. Rxb2 Qc7 20. f3 h6 21. Rfb1
Ra6 22. Qd3 Re5 23. Kf2 Qc5 24. Kf1 Qd6 25. Nb5 Qe7 26. Nbd4 Nh5 27. g3 Nf6 28.
Nf4 Re3 29. Qd2 g5 30. Nd3 Qe8 31. Nc5 Ra8 32. Kf2 Re5 33. Nxb7 Qd7 34. Nc5 Qh3
35. Kg1 Re8 36. Re1 Bf5 37. Rxe8+ Rxe8 38. Nxf5 Qxf5 39. Kg2 g4 40. Qf4 Qg6 41.
h3 gxh3+ 42. Kxh3 Qh5+ 43. Kg2 Re1 44. Qh4 Qg6 45. Qd4 Qh5 46. g4 Qh4 47. Nd3
Rh1 48. f4 Qh3+ 49. Kf2 Kg7 50. a4 Rd1 51. Ne1 Qh4+ 52. Ke2 0-1

[Event "39th TCh-GRE"]
[Site "Eretria GRE"]
[Date "2011.07.05"]
[Round "4.10"]
[White "Sandalakis, Nikolaos"]
[Black "Vasiliadis, Anastasios"]
[Result "1/2-1/2"]
[WhiteElo "1925"]
[BlackElo "1891"]
[WhiteTeam "Chess Academy of Gazi 2099"]
[BlackTeam "Culture Club Florinas"]
[WhiteFideId "4222890"]
[BlackFideId "4251083"]
[EventDate "2011.07.03"]

1. e4 c5 2. Nf3 e6 3. d4 cxd4 4. Nxd4 Nc6 5. Nc3 Qc7 6. g3 a6 7. Bg2 Nf6 8. O-O
Nxd4 9. Qxd4 Bc5 10. Qd3 O-O 11. Be3 Bxe3 12. Qxe3 Rb8 13. a4 b6 14. h3 Bb7 15.
e5 Ne8 16. Bxb7 Rxb7 17. Qe2 Ra7 18. Rfd1 d6 19. f4 dxe5 20. fxe5 Qc5+ 21. Kh2
Nc7 22. Rd2 Nd5 23. Nxd5 exd5 24. Rad1 Qc6 25. a5 bxa5 26. Rxd5 a4 27. Rd6 Qc5
28. R1d5 Qb4 29. Rxa6 Rxa6 30. Qxa6 Qxb2 31. Qxa4 Rc8 32. Rc5 Rd8 33. Rd5 Rc8
34. Rc5 Rd8 35. Qf4 Qb6 36. Rc3 Qa5 37. Rf3 Rd2+ 38. Rf2 Rxf2+ 39. Qxf2 Qxe5 40.
c4 Qc3 41. c5 h5 42. Kg2 Qc4 43. Qe3 Qc2+ 44. Kf3 Qf5+ 45. Kg2 Qc2+ 46. Qf2 Qe4+
47. Kg1 Qc4 48. Qe3 Kh7 49. Kf2 g6 50. Ke1 Qb4+ 51. Kd1 Kg7 52. Kc2 Kf8 53. Kd3
Qb5+ 54. Kc3 Qa5+ 55. Kd4 Qa4+ 56. Ke5 Qc6 57. h4 Ke7 58. Kd4+ Kd7 59. Qe4 Qa4+
60. Ke5 f6+ 61. Kf4 Qxe4+ 62. Kxe4 Kc6 63. Kd4 g5 64. Kc4 gxh4 65. gxh4 f5 66.
Kd4 f4 67. Ke4 Kxc5 68. Kxf4 Kd6 69. Kg5 Ke7 70. Kg6 Kf8 71. Kh7 Kf7 72. Kh6 Kg8
73. Kxh5 Kh8 74. Kg6 1/2-1/2

[Event "39th TCh-GRE"]
[Site "Eretria GRE"]
[Date "2011.07.05"]
[Round "4.11"]
[White "Berzinsh, Roland"]
[Black "Balogh, Csaba"]
[Result "0-1"]
[WhiteTitle "IM"]
[BlackTitle "GM"]
[WhiteElo "2434"]
[BlackElo "2643"]
[WhiteTeam "Ilioupolis CC"]
[BlackTeam "F.O. New Irakleion Attica 2173"]
[WhiteFideId "11600357"]
[BlackFideId "718939"]
[EventDate "2011.07.03"]

1. e4 c5 2. Nf3 e6 3. c3 d5 4. exd5 Qxd5 5. d4 Nf6 6. Na3 Nc6 7. Be3 cxd4 8. Nb5
Qd8 9. Nbxd4 Nd5 10. Bg5 f6 11. Bd2 e5 12. Nxc6 bxc6 13. Qa4 Qc7 14. Bd3 g6 15.
c4 Ne7 16. h4 h5 17. Ba5 Qb7 18. Qc2 Bf5 19. Bxf5 Nxf5 20. O-O-O Qa6 21. b4 Rb8
22. Qd3 Bh6+ 23. Kc2 O-O 24. c5 Rb5 25. a4 Rxa5 26. bxa5 Qxa5 27. Qc4+ Kh8 28.
Rhe1 Rb8 29. Rb1 Nd4+ 30. Kd3 Rd8 31. Nxd4 Qd2+ 0-1

[Event "39th TCh-GRE"]
[Site "Eretria GRE"]
[Date "2011.07.05"]
[Round "4.11"]
[White "Managadze, Nikoloz"]
[Black "Ignatiadis, Konstantinos"]
[Result "1-0"]
[WhiteTitle "IM"]
[WhiteElo "2470"]
[BlackElo "2133"]
[WhiteTeam "F.O. New Irakleion Attica 2173"]
[BlackTeam "Ilioupolis CC"]
[WhiteFideId "13600575"]
[BlackFideId "4203100"]
[EventDate "2011.07.03"]

1. e4 c6 2. d4 d5 3. f3 e6 4. Nc3 b6 5. Be3 Nf6 6. a3 Ba6 7. Be2 Be7 8. Nh3 O-O
9. Nf2 c5 10. exd5 exd5 11. O-O Bb7 12. Re1 h6 13. Bf1 Nc6 14. Ne2 Bd6 15. Ng3
Bc8 16. Bb5 Ne7 17. c3 c4 18. Ba4 Be6 19. Bc2 Qd7 20. Qd2 Nf5 21. Bf4 Bxf4 22.
Qxf4 Qd6 23. Qe5 Qxe5 24. dxe5 Nxg3 25. hxg3 Nd7 26. f4 f5 27. exf6 Rxf6 28. g4
Nc5 29. f5 Bd7 30. Rad1 Bc6 31. Nh3 Rd8 32. Nf4 Rfd6 33. Rd4 Ba4 34. Bxa4 Nxa4
35. Ne6 R8d7 36. b3 Nxc3 37. bxc4 Kf7 38. Re3 Ne4 39. cxd5 Nf6 40. g5 hxg5 41.
Nxg5+ Kg8 42. Rc3 g6 43. fxg6 Kg7 44. Rcd3 Rxd5 45. Ne6+ Kh6 46. Rh3+ Rh5 47.
Rxh5+ Kxh5 48. g4+ Kh4 49. Rxd7 Nxd7 50. g5 1-0

[Event "39th TCh-GRE"]
[Site "Eretria GRE"]
[Date "2011.07.05"]
[Round "4.11"]
[White "Anastasopoulou, Andrianna"]
[Black "Lalaouni, Konstantina"]
[Result "1-0"]
[WhiteElo "1786"]
[BlackElo "1535"]
[WhiteTeam "Ilioupolis CC"]
[BlackTeam "F.O. New Irakleion Attica 2173"]
[WhiteFideId "4212746"]
[BlackFideId "4222113"]
[EventDate "2011.07.03"]

1. d4 Nf6 2. c4 e5 3. dxe5 Ng4 4. Nf3 Nc6 5. e3 Ngxe5 6. Nc3 d6 7. Nxe5 Nxe5 8.
b3 Bd7 9. Bb2 Bc6 10. Nd5 Ng6 11. Be2 Ne7 12. Rc1 Nxd5 13. cxd5 Bd7 14. Bf3 Rc8
15. O-O c5 16. Qd3 a6 17. Rfe1 b5 18. Be4 h6 19. f4 Be7 20. Bxg7 Rg8 21. Qc3 b4
22. Qb2 a5 23. Bh7 1-0

[Event "39th TCh-GRE"]
[Site "Eretria GRE"]
[Date "2011.07.05"]
[Round "4.11"]
[White "Koutoukidis, Panagiotis"]
[Black "Papadimitriou, Athanasios"]
[Result "0-1"]
[WhiteElo "2046"]
[BlackElo "2184"]
[WhiteTeam "Ilioupolis CC"]
[BlackTeam "F.O. New Irakleion Attica 2173"]
[WhiteFideId "4244702"]
[BlackFideId "4213254"]
[EventDate "2011.07.03"]

1. e4 c6 2. d4 d5 3. f3 g6 4. Nc3 Bg7 5. Be3 Nf6 6. e5 Nfd7 7. f4 f5 8. exf6
exf6 9. f5 Kf7 10. Qd2 Nb6 11. fxg6+ hxg6 12. O-O-O Qd6 13. Nf3 Bg4 14. Kb1 N8d7
15. Qf2 Bh6 16. Bxh6 Rxh6 17. Bd3 Bxf3 18. gxf3 Rah8 19. Rhg1 f5 20. Qg3 Nc8 21.
Rde1 Rxh2 22. Bxf5 Qxg3 23. Be6+ Kf6 24. Rxg3 Rh1 25. Rgg1 Rxg1 26. Rxg1 Kxe6
27. Rxg6+ Nf6 28. Rg1 Rh3 29. Rf1 Rh2 30. Kc1 Nd6 31. Nd1 Nf5 32. c3 Re2 33. Rf2
Rxf2 34. Nxf2 Nh4 35. Nd3 Nd7 36. Ne1 Kf5 37. Kd2 Kf4 38. Ke2 Kg3 39. b3 Nf8 40.
Nd3 Nxf3 41. Nc5 b6 42. Na6 Ne6 43. Nb4 c5 44. dxc5 bxc5 45. Nc6 d4 46. Nxd4
Nexd4+ 47. Kd3 Kf4 48. b4 Ke5 49. Kc4 Nc6 50. Kb5 Kd5 51. Ka6 Nxb4+ 52. cxb4 c4 0-1

[Event "39th TCh-GRE"]
[Site "Eretria GRE"]
[Date "2011.07.05"]
[Round "4.12"]
[White "Nikolaidis, Konstantinos"]
[Black "Papastavropoulos, Andreas"]
[Result "1/2-1/2"]
[WhiteTitle "FM"]
[BlackTitle "FM"]
[WhiteElo "2274"]
[BlackElo "2257"]
[WhiteTeam "SK. AK. Chalkidos Palamidis The Evvoefs"]
[BlackTeam "AO Zenon Glyfadas"]
[WhiteFideId "4200578"]
[BlackFideId "4201230"]
[EventDate "2011.07.03"]

1. e4 c5 2. Nf3 Nc6 3. Bb5 Qc7 4. O-O a6 5. Bxc6 Qxc6 6. d4 d6 7. dxc5 Qxc5 8.
Nc3 Nf6 9. Be3 Qc7 10. Nd5 Nxd5 11. exd5 Bg4 12. Rc1 e5 13. dxe6 fxe6 14. h3 Bh5
15. g4 Bf7 16. Ng5 h5 17. Bf4 e5 18. Re1 O-O-O 19. Nxf7 Qxf7 20. Bg3 hxg4 21.
Qxg4+ Qd7 22. Kg2 Be7 23. c4 Qxg4 24. hxg4 Bg5 25. Rc2 b6 26. b4 Bf4 27. Bxf4
exf4 28. Re7 Rd7 29. Rce2 Rh4 30. f3 Rh8 31. Re8+ Rxe8 32. Rxe8+ Kb7 33. Re4 g5
34. Rd4 Rc7 35. a3 1/2-1/2

[Event "39th TCh-GRE"]
[Site "Eretria GRE"]
[Date "2011.07.05"]
[Round "4.12"]
[White "Koerant, Filipos"]
[Black "Kourousis, Epaminondas"]
[Result "0-1"]
[WhiteElo "2103"]
[BlackElo "2273"]
[WhiteTeam "AO Zenon Glyfadas"]
[BlackTeam "SK. AK. Chalkidos Palamidis The Evvoefs"]
[WhiteFideId "4201671"]
[BlackFideId "4211626"]
[EventDate "2011.07.03"]

1. d4 Nf6 2. c4 e6 3. Nf3 b6 4. Bf4 Bb4+ 5. Nbd2 Bb7 6. a3 Be7 7. e3 Nh5 8. Bg3
O-O 9. Bd3 Nxg3 10. hxg3 h6 11. Qc2 c5 12. dxc5 bxc5 13. O-O Qb6 14. Rab1 a5 15.
Ne4 d6 16. g4 Nd7 17. Rfd1 Rfd8 18. g5 d5 19. cxd5 exd5 20. Nc3 Bxg5 21. Bh7+
Kh8 22. Bf5 d4 23. Ne4 Bxe4 24. Bxe4 Rac8 25. Qe2 Bf6 26. b4 dxe3 27. Qxe3 cxb4
28. Rxd7 Qxe3 29. Rxd8+ Rxd8 30. fxe3 bxa3 31. Nd4 a2 32. Ra1 Rxd4 33. exd4
Bxd4+ 34. Kf1 Bxa1 35. Bd5 f5 36. Bxa2 g6 37. Ke2 a4 38. Kf3 h5 39. Kf4 Kg7 40.
Bc4 Kf6 41. Bg8 a3 42. Ba2 Bb2 43. Ke3 g5 44. Bb3 Ke5 45. Ba2 f4+ 46. Kd3 g4 47.
Bf7 h4 48. Ke2 Bd4 49. Bb3 h3 50. gxh3 f3+ 0-1

[Event "39th TCh-GRE"]
[Site "Eretria GRE"]
[Date "2011.07.05"]
[Round "4.12"]
[White "Farmaki, Athanasia"]
[Black "Kouroumba, Maria"]
[Result "1/2-1/2"]
[WhiteElo "1715"]
[BlackElo "1454"]
[WhiteTeam "AO Zenon Glyfadas"]
[BlackTeam "SK. AK. Chalkidos Palamidis The Evvoefs"]
[WhiteFideId "4212878"]
[BlackFideId "4263383"]
[EventDate "2011.07.03"]

1. c4 e5 2. g3 Nc6 3. Bg2 Nf6 4. Nc3 Bc5 5. e3 O-O 6. Nge2 Re8 7. O-O d6 8. d4
Bb4 9. a3 Bxc3 10. Nxc3 Qd7 11. b4 Rd8 12. Bb2 exd4 13. exd4 Qg4 14. Nb5 Qxd1
15. Raxd1 Rd7 16. Rfe1 a6 17. Nc3 Kf8 18. Ne4 Re7 19. Nxf6 Rxe1+ 20. Rxe1 gxf6
21. Bxc6 bxc6 22. Bc1 Kg7 23. Bf4 a5 24. c5 axb4 25. axb4 dxc5 26. dxc5 Ra4 27.
Rb1 Ra7 28. Kg2 Kg6 29. b5 cxb5 30. Rxb5 c6 31. Rb8 Bf5 32. Rg8+ Kh5 33. Rd8
Be4+ 34. Kf1 Bf3 35. Ke1 Ra1+ 36. Kd2 Ra2+ 37. Ke3 Ra3+ 38. Rd3 Rxd3+ 39. Kxd3
Bd5 40. h4 f5 41. Kc3 Kg4 42. Kb4 Kf3 43. Be3 1/2-1/2

[Event "39th TCh-GRE"]
[Site "Eretria GRE"]
[Date "2011.07.05"]
[Round "4.12"]
[White "Roinos, Ilias"]
[Black "Tsounis, Serafim"]
[Result "0-1"]
[WhiteElo "1762"]
[BlackElo "1806"]
[WhiteTeam "AO Zenon Glyfadas"]
[BlackTeam "SK. AK. Chalkidos Palamidis The Evvoefs"]
[WhiteFideId "4232402"]
[BlackFideId "4238346"]
[EventDate "2011.07.03"]

1. e4 c5 2. Nf3 Nc6 3. Nc3 g6 4. d4 cxd4 5. Nxd4 Bg7 6. Be3 Nf6 7. f3 O-O 8. Qd2
d5 9. exd5 Nxd5 10. Nxc6 bxc6 11. Nxd5 cxd5 12. Bd4 e5 13. Bc5 Re8 14. Bb5 Bd7
15. Bxd7 Qxd7 16. O-O Qc6 17. Bf2 Re7 18. Rad1 Rd7 19. Rfe1 Rc8 20. c3 Qc4 21.
a3 Re8 22. Re4 Qc6 23. Rb4 Bf8 24. Rh4 Bc5 25. Bxc5 Qxc5+ 26. Qf2 Qc6 27. Rb4
Rde7 28. Qe2 Qc5+ 29. Qf2 Qc6 30. Qe2 Qc5+ 31. Qf2 Qc6 32. h3 Rd7 33. Qe3 Re6
34. Qd3 Qc5+ 35. Kh1 a6 36. Rd2 Red6 37. Qe2 Re6 38. Qe1 Rde7 39. Re2 Kg7 40.
Qg3 a5 41. Rb8 Qc4 42. Rd2 d4 43. cxd4 Qc1+ 0-1

[Event "39th TCh-GRE"]
[Site "Eretria GRE"]
[Date "2011.07.05"]
[Round "4.13"]
[White "Psaras, Stilianos"]
[Black "Zenelis, Konstantinos"]
[Result "1-0"]
[WhiteElo "2098"]
[BlackElo "2179"]
[WhiteTeam "Peiraikos OS"]
[BlackTeam "Papagou"]
[WhiteFideId "4200888"]
[BlackFideId "4204107"]
[EventDate "2011.07.03"]

1. d4 d5 2. c4 c6 3. Nc3 Nf6 4. Nf3 dxc4 5. a4 Bf5 6. e3 e6 7. Bxc4 Bb4 8. O-O
O-O 9. Qb3 Qb6 10. Ne5 Nbd7 11. Nxd7 Nxd7 12. e4 Bg6 13. Be3 Ba5 14. Qc2 Qb4 15.
Bd3 e5 16. d5 Rac8 17. dxc6 Rxc6 18. Bb5 Rc7 19. Bxd7 Rxd7 20. Rfd1 Rfd8 21.
Rxd7 Rxd7 22. f3 Qc4 23. Rd1 Rxd1+ 24. Qxd1 h6 25. Qd5 Qxd5 26. Nxd5 a6 27. Ne7+
Kf8 28. Bc5 Ke8 29. Nxg6 fxg6 30. b4 Bc7 31. b5 axb5 32. axb5 Kf7 33. Kf2 Ke6
34. Ke2 Bd6 35. Bb6 Kd7 36. Kd3 Bc7 37. Be3 Kd6 38. h3 Bd8 39. Kc4 Bc7 40. f4
Ke6 41. g3 Ba5 42. Bf2 exf4 43. gxf4 g5 44. f5+ Kf7 45. Kd5 h5 46. e5 g4 47.
hxg4 hxg4 48. Ke4 Bc3 49. e6+ Ke7 50. Bc5+ Kf6 51. Kf4 b6 52. Bxb6 g3 1-0

[Event "39th TCh-GRE"]
[Site "Eretria GRE"]
[Date "2011.07.05"]
[Round "4.13"]
[White "Kaloskambis, Mihail"]
[Black "Tsomis, Dimitrios"]
[Result "1/2-1/2"]
[BlackTitle "FM"]
[WhiteElo "2011"]
[BlackElo "2187"]
[WhiteTeam "Papagou"]
[BlackTeam "Peiraikos OS"]
[WhiteFideId "4203569"]
[BlackFideId "4201280"]
[EventDate "2011.07.03"]

1. d4 Nf6 2. c4 e5 3. dxe5 Ng4 4. e3 Nxe5 5. Nh3 d6 6. Nf4 g6 7. Be2 Bg7 8. Nc3
O-O 9. O-O a5 10. Nfd5 Na6 11. f4 Nc6 12. a3 Nc5 13. Nb5 Na6 14. Qc2 Ne7 15. Bd2
Nxd5 16. cxd5 Nc5 17. Bf3 Re8 18. Rae1 a4 19. Bc3 Bxc3 20. Qxc3 Bd7 21. Nd4 Qf6
22. Re2 Bf5 23. Rd1 Be4 24. Nb5 Qxc3 25. bxc3 Re7 26. Bxe4 Nxe4 27. Rc1 Rae8 28.
c4 Kg7 29. Nc3 Nc5 30. Nd1 Nd3 31. Rb1 b6 32. g3 h5 33. Rd2 Nc5 34. Kf1 Re4 35.
Rc2 Kf6 36. Rcb2 h4 37. Kg2 1/2-1/2

[Event "39th TCh-GRE"]
[Site "Eretria GRE"]
[Date "2011.07.05"]
[Round "4.13"]
[White "Sklavounos, Panayotis"]
[Black "Karahisaridis, Vasilios"]
[Result "1-0"]
[WhiteElo "1988"]
[BlackElo "1928"]
[WhiteTeam "Peiraikos OS"]
[BlackTeam "Papagou"]
[WhiteFideId "4202015"]
[BlackFideId "4205480"]
[EventDate "2011.07.03"]

1. c4 e6 2. g3 d5 3. Bg2 Nf6 4. Nf3 Be7 5. O-O O-O 6. b3 c6 7. Bb2 Nbd7 8. d3
Qc7 9. Nbd2 b6 10. Rc1 Bb7 11. cxd5 exd5 12. Nd4 Rac8 13. Nf5 Rfe8 14. Nxe7+
Rxe7 15. b4 Rce8 16. Re1 Ba6 17. Nb3 Ne5 18. Qd2 Qd7 19. Nd4 Rc8 20. Qg5 h6 21.
Qf4 Ng6 22. Qf5 Qe8 23. Rc2 Bb7 24. Rec1 Ne5 25. Bh3 a6 26. Qf4 Ng6 27. Qd2 Rcc7
28. Nf5 Re6 29. Bd4 c5 30. bxc5 bxc5 31. e3 c4 32. Qb4 Qb5 33. Qa3 Qc6 34. Rb1
Qd7 35. Nxh6+ Kh7 36. Ng4 Ne8 37. Ne5 Qe7 38. Qxe7 Rexe7 39. Bf5 Nd6 40. Bxg6+
fxg6 41. Rb6 Nb5 42. dxc4 Nxd4 43. exd4 dxc4 44. f4 c3 45. Rb3 Bd5 46. Rbxc3
Rxc3 47. Rxc3 Bxa2 48. Ra3 Bd5 49. Rxa6 Rb7 50. Ra5 Be4 51. Kf2 Kg8 52. Ra8+ Kh7
53. Rd8 Bc2 54. d5 Ba4 55. d6 1-0

[Event "39th TCh-GRE"]
[Site "Eretria GRE"]
[Date "2011.07.05"]
[Round "4.13"]
[White "Pavlogianni, Despina"]
[Black "Korou, Laskarina"]
[Result "0-1"]
[WhiteElo "1925"]
[BlackElo "1921"]
[WhiteTeam "Papagou"]
[BlackTeam "Peiraikos OS"]
[WhiteFideId "4209982"]
[BlackFideId "4204832"]
[EventDate "2011.07.03"]

1. e4 e5 2. f4 exf4 3. Nf3 d5 4. e5 Bg4 5. Be2 Bxf3 6. Bxf3 Qh4+ 7. Kf1 c6 8.
Qe2 Bc5 9. b4 Bxb4 10. Bxd5 Be7 11. Bb3 Nh6 12. d4 Nf5 13. Qf2 Ng3+ 14. Kg1 Nxh1
15. Qxh4 Bxh4 16. Kxh1 Bf2 17. c3 Be3 18. Bxe3 fxe3 19. Na3 b5 20. Re1 Na6 21.
Rxe3 Nc7 22. Kg1 a5 23. Nb1 a4 24. Bc2 Nd5 25. Rg3 g6 26. Nd2 f5 27. exf6 Nxf6
28. Nf3 O-O 29. Ne5 Nh5 30. Re3 Rac8 31. c4 bxc4 32. Rc3 Nf4 33. Bd1 Nd5 34.
Rxc4 Ne3 35. Rc1 0-1

[Event "39th TCh-GRE"]
[Site "Eretria GRE"]
[Date "2011.07.05"]
[Round "4.13"]
[White "Koutsidi, Amalia"]
[Black "Asvestopoulou, Evdokia"]
[Result "0-1"]
[WhiteElo "1231"]
[BlackElo "1583"]
[WhiteTeam "Papagou"]
[BlackTeam "Peiraikos OS"]
[WhiteFideId "4244710"]
[BlackFideId "4219198"]
[EventDate "2011.07.03"]

1. d4 Nf6 2. c4 e5 3. dxe5 Ng4 4. e3 Nxe5 5. Nh3 Bb4+ 6. Bd2 Bxd2+ 7. Qxd2 d6 8.
Nf4 Bf5 9. Nc3 Nbd7 10. Be2 Nb6 11. b3 Qg5 12. Nb5 Qe7 13. Nd5 Nxd5 14. Qxd5 Nc6
15. O-O Be4 16. Qd2 O-O 17. Bd3 Bxd3 18. Qxd3 Ne5 19. Qd2 Kh8 20. f4 Ng4 21.
Rae1 f5 22. Qe2 Rfe8 23. Rf3 h5 24. Qd3 Qf7 25. Qd5 Qxd5 26. cxd5 Re7 27. h3 Nf6
28. a4 Nxd5 29. Nd4 g6 30. Kh1 Rae8 0-1